NFL 2,000-Yard Club - Statistics

General Stats
  • This quiz has been taken 431 times
    368 since last reset
  • The average score is 6 of 8
Answer Stats
Season Player Yards % Correct
1984 Eric Dickerson 2,105
89%
2012 Adrian Peterson 2,097
88%
2020 Derrick Henry 2,027
87%
1997 Barry Sanders 2,053
77%
2009 Chris Johnson 2,006
68%
1973 O.J. Simpson 2,003
59%
1998 Terrell Davis 2,008
50%
2003 Jamal Lewis 2,066
46%
No matching quizzes found
Score Distribution
Percent of People with Each Score
Percentile by Number Answered
Your Score History
You have not taken this quiz since the last reset